| 000 | 00562nam a2200193 a 4500 | ||
|---|---|---|---|
| 005 | 20230302063651.0 | ||
| 008 | 030919s1986 mx r 000 0 spa d | ||
| 020 | _a9688376523 | ||
| 035 | _aUPN01000128982 | ||
| 049 | _aF | ||
| 050 | 4 |
_aJC381 _bL4.2 |
|
| 100 | 1 |
_aLehr, Volker G. _935458 |
|
| 245 | 1 | 0 |
_aAutoritarismo y desarrollo / _cVolker G. Lehr. |
| 260 |
_aMéxico : _bUNAM, Coordinación de Humanidades, _c1986. |
||
| 300 | _a44 p. | ||
| 440 | 0 |
_aGrandes tendencias políticas contemporáneas ; _v38 |
|
| 650 | 2 |
_aAutoritarismo _94103 |
|
| 905 | _aLibro | ||
| 999 |
_c101155 _d101155 |
||